000 00704nam a2200241 i 4500
001 C2-0280343
003 PPAK
005 20180728011326.0
008 070621s2006 my a|||| ||||| | may d
020 _a9679427552
040 _aPPAK
_beng
_cPPAK
_erda
082 0 4 _a391.00899923
_223
090 0 0 _a391.00899923
_bAZA
_dR
100 0 _aAzah Aziz,
_eauthor
245 1 0 _aRupa dan gaya :
_bbusana Melayu
264 1 _aBangi, Selangor :
_bPenerbit Universiti Kebangsaan Malaysia ,
_c2006
300 _a369 pages :
_bcolour illustrations ;
_c30 cm
336 _2rdacontent
_atext
337 _2rdamedia
_aunmediated
338 _2rdacarrier
_avolume
650 1 0 _aCostume - Malaysia.
942 _ddc
_cB
999 _c86909
_d86909